Lebenslagen, Lebensläufe, lebensstile

Enregistré dans:
Détails bibliographiques
Autres auteurs: Berger, Peter A., Hradil, Stefan
Format: Livre
Langue:allemand
Publié: Göttingen Schwartz 1990
Édition:1. Aufl.
Sujets:
Tags: Ajouter un tag
Pas de tags, Soyez le premier à ajouter un tag!

MARC

LEADER 00000nam a2200000 4500
001 c000661
005 20221215125402.5
020 |a 3-509-01542-8 
041 0 |a ger 
044 |a DE 
245 1 0 |a Lebenslagen, Lebensläufe, lebensstile  |c Red. Peter A. Berger, Stefan Hradil 
250 |a 1. Aufl. 
264 1 |a Göttingen  |b Schwartz  |c 1990 
300 |a 524 s. 
610 2 0 |a štruktúra sociálna 
610 2 0 |a Nemecko 
610 2 0 |a úroveň životná 
610 2 0 |a triedy a vrstvy 
610 2 0 |a štýl životný 
610 2 0 |a politika 
700 1 |a Berger, Peter A. 
700 1 |a Hradil, Stefan